LEADER 00586nam 2200181 i 4500 001 991004323736707536 005 20240521123820.0 008 180130s1960---- e b ita 040 $aBibl. Interfacoltà T. Pellegrino$bita$cSocioculturale Scs 041 0 $aita 082 04$a331.04710945$223 245 0 $aNorme per il trattamento dei prodotti Ferrania 260 $aMilano :$bS.A.E.S.,$c1960 300 $a66 p.$bill.$c21 cm 653 1 $aProdotti industriali$xLegislazione 912 $a991004323736707536 996 $aNorme per il trattamento dei prodotti Ferrania$94159016 997 $aUNISALENTO